| 000 | 00832cam a22002897a 4500 | ||
|---|---|---|---|
| 003 | CHAP | ||
| 005 | 20220329133155.0 | ||
| 008 | 971013s1991 r 00010 d | ||
| 010 | _a2997 | ||
| 011 | _a3969 | ||
| 035 | _a3170 | ||
| 040 | _cCHAP | ||
| 090 | _aFolleto 13163 | ||
| 100 | 0 | 0 |
_aGonzález Iñiguez, Antonio. _949065 |
| 245 | 1 | 3 | _aEl ciruelo mexicano |
| 260 |
_aChapingo, Méx. : _bUACH. Departamento de Fitotecnia, _c1991 |
||
| 300 |
_a24 h. _b: ilus |
||
| 500 | _aD48-54 | ||
| 590 |
_aBATCH-UPD _b10 _c20130110 _lUCH01 _h2204 |
||
| 590 |
_aBATCH-UPD _b10 _c20130410 _lUCH01 _h1510 |
||
| 590 |
_aBATCH-UPD _b10 _c20130914 _lUCH01 _h0941 |
||
| 590 |
_aCONVERSION _b10 _c20130109 _lUCH01 _h1303 |
||
| 650 | 1 | 4 |
_aCiruela. _923398 |
| 901 | _aBK | ||
| 942 | _cFOLL | ||
| 949 |
_aFolleto 13163 _bBC _cFOLL _d-12681 _eTS1 _i3170 _mD _si |
||
| 999 |
_c2997 _d2997 |
||